00533nam a2200145 a 450000500170000000800410001704000120005804100080007010000270007824500850010524600500019026001130024030000100035370000240036320150929020002.0140120b2000 ||||| |||| 00| 0 spa d cCO-BoIH aspa aMoreno, María Isabel aActividades y fichas informativas para profesores sobre el Vireo de San Andrés aFact files, games and activities for teachers aSan AndrésbUniversidad Nacional de ColombiabInstituto Alexander von HumboldtbConserving Wildlifec2000? a45 p. aDevenish, Christian